| 000 | 01220 a2200385 4500 | ||
|---|---|---|---|
| 999 |
_c36117 _d29870 |
||
| 001 | 36117 | ||
| 003 | TR-AnTOB | ||
| 005 | 20240814073632.0 | ||
| 008 | 110207m20002004tu b 000 0 d | ||
| 020 | _a9753162839 | ||
| 040 |
_aTR-AnTOB _cTR-AnTOB |
||
| 041 | _atur | ||
| 049 | _aMAIN | ||
| 050 | 0 |
_aJA75.7 _b.Ö38 2004 |
|
| 090 | _aJA75.7 .Ö38 2004 | ||
| 100 |
_aÖğün, Süleyman Seyfi, _d1959- _926302 |
||
| 245 | 0 |
_aTürk politik kültürü / _cSüleyman Seyfi Öğün. |
|
| 250 | _a2nd ed. | ||
| 264 | 1 |
_aİstanbul : _bAlfa, _c2004. |
|
| 300 |
_a503s. ; _c21 cm. |
||
| 336 |
_2rdacontent _atext _btxt |
||
| 337 |
_2rdamedia _aunmediated _bn |
||
| 338 |
_2rdacarrier _avolume _bnc |
||
| 490 | 0 |
_aAlfa yayınları ; _v628 _aSiyaset-Sosyolojisi dizisi ; _v22 |
|
| 504 | _aIncludes bibliographical references. | ||
| 650 |
_aSiyasal kültür _zTürkiye _919027 |
||
| 650 | 0 |
_aPolitical culture _zTurkey _919028 |
|
| 651 |
_aTurkey _xPolitics and government _955303 |
||
| 651 |
_aTurkey _xPolitics and government _zTurkey _955303 |
||
| 651 | 7 |
_aTürkiye _xSiyaset ve yönetim _2 _9120128 |
|
| 651 | 7 |
_aTürkiye _xSiyaset ve yönetim _zTürkiye. _2 _9120128 |
|
| 902 | _a0016632 | ||
| 942 |
_cBK _2lcc |
||